| 000 | 00366nam a2200133Ia 4500 | ||
|---|---|---|---|
| 008 | 250506s9999 xx 000 0 und d | ||
| 024 | _a11B-85-BS | ||
| 082 | _a005.1072 HUM | ||
| 100 | _aHummam Thanvi | ||
| 245 | 0 | _aProject Based Inventory With Costing | |
| 260 |
_aKarachi: _bUIT, _c2011 |
||
| 600 | _aComputer Science | ||
| 650 | _aBachelor of Computer Science (BS) | ||
| 999 |
_c28438 _d28438 |
||